Geography Quiz

Random Geography or State Quiz

Confederate States Quiz Stats

 Plays Quiz not verified by Sporcle

Challenge
Share
Tweet
Score 0/12 Timer 10:00
0 Plays Today
% Correct
Texas
95.7%
North Carolina
94.9%
Tennessee
92%
Louisiana
91.3%
Georgia
91.3%
Alabama
90.6%
Arkansas
90.6%
South Carolina
90.6%
Mississippi
89.9%
Virginia
89.9%
Richmond, Virginia
76.1%
Montgomery, Alabama
72.5%

You're not logged in!

Compare scores with friends on all Sporcle quizzes.
Join for Free
OR
Log In

You Might Also Like...

Show Comments

Extras

Top Quizzes Today


Score Distribution

Your Account Isn't Verified!

In order to create a playlist on Sporcle, you need to verify the email address you used during registration. Go to your Sporcle Settings to finish the process.

Report this User

Report this user for behavior that violates our Community Guidelines.

Details: